Dracula / (Record no. 4858)

MARC details
000 -LEADER
fixed length control field 01264nam a22002897a 4500
001 - CONTROL NUMBER
control field 4858
003 - CONTROL NUMBER IDENTIFIER
control field FISKH
005 - DATE AND TIME OF LATEST TRANSACTION
control field 20241018100711.0
008 - FIXED-LENGTH DATA ELEMENTS--GENERAL INFORMATION
fixed length control field 241018b cb ||||| |||| 00| 0 eng d
020 ## - INTERNATIONAL STANDARD BOOK NUMBER
International Standard Book Number 9780194790581
040 ## - CATALOGING SOURCE
Original cataloging agency FISKH
Language of cataloging eng
Transcribing agency FISKH
Modifying agency FISKH
050 ## - LIBRARY OF CONGRESS CALL NUMBER
Classification number PE1126.A4
082 ## - DEWEY DECIMAL CLASSIFICATION NUMBER
Classification number 428.6
100 ## - MAIN ENTRY--PERSONAL NAME
Personal name Stoker, Bram
245 ## - TITLE STATEMENT
Title Dracula /
Statement of responsibility, etc. by Bram Stoker
260 ## - PUBLICATION, DISTRIBUTION, ETC.
Place of publication, distribution, etc. New York :
Name of publisher, distributor, etc. Oxford University Press ;
Date of publication, distribution, etc. 2008 .
300 ## - PHYSICAL DESCRIPTION
Extent 56 pages :
Other physical details illustrations ;
Dimensions 21 cm .
490 ## - SERIES STATEMENT
Series statement Oxford Bookworms
Volume/sequential designation Stage 2
505 ## - FORMATTED CONTENTS NOTE
Formatted contents note O <br/>
520 ## - SUMMARY, ETC.
Summary, etc. "In the mountains of Transylvania there stands a castle. It is the home of Count Dracula - a dark, lonely place, and at night the wolves howl around the walls. In the year 1875 Jonathan Harker comes from England to do business with the Count. But Jonathan does not feel comfortable at Castle Dracula. Strange things happen at night, and very soon, he begins to feel afraid. And he is right ot be afraid, because Count Dracula is one of the Un-Dead - a vampire that drinks the blood of living people.."--Cover.
521 8# - TARGET AUDIENCE NOTE
Target audience note 610 <br/>
Source Lexile <br/>
521 8# - TARGET AUDIENCE NOTE
Target audience note O <br/>
Source Raz-Plus <br/>
650 ## - SUBJECT ADDED ENTRY--TOPICAL TERM
Topical term or geographic name entry element vampires
Form subdivision horror
700 ## - ADDED ENTRY--PERSONAL NAME
Personal name Mowat, Doane
Relator term illustrator
942 ## - ADDED ENTRY ELEMENTS (KOHA)
Source of classification or shelving scheme Dewey Decimal Classification
Koha item type Books
Suppress in OPAC No
Holdings
Withdrawn status Lost status Source of classification or shelving scheme Damaged status Not for loan Collection Home library Current library Shelving location Date acquired Total Checkouts Full call number Barcode Date last seen Price effective from Koha item type
    Dewey Decimal Classification     Fiction Footprints International School Library Network Toul Kork Campus Footprints International School Library Network Toul Kork Campus TTP Primary Yellow Bookshelves 10/18/2024   STO 428.6 PE1126.A4 FIS00305 10/18/2024 10/18/2024 Books